[Event "estcc50+"]
[Site "Mali Losinj"]
[Date "2019.09.19"]
[Round "2.1"]
[White "Mikhalchishin, Adrian"]
[Black "Burmakin, Vladimir"]
[Result "1/2-1/2"]
[WhiteElo "2465"]
[BlackElo "2496"]
[PlyCount "33"]
[EventDate "2019.09.18"]
[WhiteTeam "European Chess Academy Maribor (SLO)"]
[BlackTeam "Russia"]
[BlackTeamCountry "RUS"]

1. d4 d5 2. c4 c6 3. Nf3 Nf6 4. Nc3 a6 5. a4 g6 6. e3 Bg7 7. Bd3 a5 8. O-O O-O
9. b3 Bg4 10. Ba3 Re8 11. cxd5 Nxd5 12. Nxd5 Qxd5 13. Bc4 Qf5 14. Bd3 Qd5 15.
Bc4 Qf5 16. Bd3 Qd5 17. Bc4 1/2-1/2

[Event "estcc50+"]
[Site "Mali Losinj"]
[Date "2019.09.19"]
[Round "2.1"]
[White "Ibragimov, Ildar"]
[Black "Plesec, Damjan"]
[Result "1/2-1/2"]
[WhiteElo "2537"]
[BlackElo "2216"]
[PlyCount "90"]
[EventDate "2019.09.18"]
[WhiteTeam "Russia"]
[BlackTeam "European Chess Academy Maribor (SLO)"]
[WhiteTeamCountry "RUS"]

1. d4 d5 2. c4 c6 3. Nc3 Nf6 4. Nf3 a6 5. e3 g6 6. Be2 Bg7 7. Qb3 O-O 8. cxd5
cxd5 9. Ne5 e6 10. O-O Nfd7 11. Nxd7 Nxd7 12. Bd2 b6 13. a4 Bb7 14. Rfc1 Rc8
15. Na2 Rxc1+ 16. Rxc1 Qb8 17. Nb4 Rc8 18. Rc3 a5 19. Nc2 Rxc3 20. bxc3 Bc6 21.
Na3 Bf8 22. Nb5 Nf6 23. f3 Ne8 24. c4 Bxb5 25. Qxb5 Nd6 26. Qc6 Nxc4 27. Bxc4
dxc4 28. Qxc4 Bd6 29. h3 Kf8 30. Kf1 Be7 31. e4 Qd8 32. Bh6+ Kg8 33. Qc6 Bg5
34. Bxg5 Qxg5 35. d5 exd5 36. exd5 Qd2 37. Qe8+ Kg7 38. Qe5+ f6 39. Qe7+ Kg8
40. Qd8+ Kg7 41. Qc7+ Kg8 42. d6 Qd1+ 43. Kf2 Qd2+ 44. Kg3 Qg5+ 45. Kh2 Qe5+
1/2-1/2

[Event "estcc50+"]
[Site "Mali Losinj"]
[Date "2019.09.19"]
[Round "2.2"]
[White "Ledger, Stephen C"]
[Black "Fercec, Nenad"]
[Result "0-1"]
[WhiteElo "2000"]
[BlackElo "2439"]
[PlyCount "46"]
[EventDate "2019.09.18"]
[WhiteTeam "England 1"]
[BlackTeam "Croatia 1"]

1. d4 Nf6 2. Bg5 Ne4 3. Bf4 c5 4. f3 Qa5+ 5. c3 Nf6 6. Nd2 cxd4 7. Nb3 Qd8 8.
cxd4 d5 9. e3 g6 10. Ne2 Bg7 11. Nc3 O-O 12. Bd3 Nc6 13. O-O a5 14. Rc1 a4 15.
Nd2 Qa5 16. a3 Nh5 17. Bg5 e5 18. dxe5 Nxe5 19. Bb1 d4 20. exd4 Nd3 21. Bxd3
Bxd4+ 22. Kh1 Ng3+ 23. hxg3 Qxg5 0-1

[Event "estcc50+"]
[Site "Mali Losinj"]
[Date "2019.09.20"]
[Round "3.1"]
[White "Burmakin, Vladimir"]
[Black "Kozul, Zdenko"]
[Result "0-1"]
[WhiteElo "2496"]
[BlackElo "2569"]
[PlyCount "104"]
[EventDate "2019.09.18"]
[WhiteTeam "Russia"]
[BlackTeam "Croatia 1"]
[WhiteTeamCountry "RUS"]

1. d4 Nf6 2. Nf3 g6 3. Bf4 d6 4. e3 Nh5 5. Bg5 h6 6. Bh4 g5 7. Nfd2 Ng7 8. Bg3
Nf5 9. Be2 Nd7 10. c3 a6 11. Qc2 e6 12. e4 Nxg3 13. hxg3 c5 14. d5 exd5 15.
exd5 Nf6 16. c4 Bg7 17. Nc3 O-O 18. O-O Re8 19. Rae1 Bd7 20. Bd3 Qa5 21. Nde4
Nxe4 22. Nxe4 b5 23. Re2 bxc4 24. Bxc4 Qb6 25. b3 a5 26. a4 Rab8 27. Rfe1 Bd4
28. Kf1 Kg7 29. Nc3 Rxe2 30. Rxe2 Qd8 31. Bb5 Bg4 32. Re8 Qc7 33. Re1 Bh5 34.
Bc4 Qd8 35. Nb5 Qf6 36. Qd2 Bg6 37. Rd1 Be5 38. Kg1 h5 39. Bd3 Bxd3 40. Qxd3 g4
41. Na7 Bd4 42. Rd2 Re8 43. Qf1 c4 44. Nb5 Bc3 45. Re2 Rxe2 46. Qxe2 cxb3 47.
Qe3 Bb4 48. Qxb3 Bc5 49. Qc2 Qa1+ 50. Kh2 Qe5 51. Nc3 Bxf2 52. Ne4 Bxg3+ 0-1

[Event "estcc50+"]
[Site "Mali Losinj"]
[Date "2019.09.20"]
[Round "3.6"]
[White "Leib, Britta"]
[Black "Salter, David"]
[Result "0-1"]
[WhiteElo "1883"]
[BlackElo "1882"]
[PlyCount "88"]
[EventDate "2019.09.18"]
[WhiteTeam "Germany-Women"]
[BlackTeam "Ireland"]
[BlackTeamCountry "IRL"]

1. e4 e6 2. d4 d5 3. Nd2 Nc6 4. Ngf3 Nf6 5. e5 Nd7 6. c3 f6 7. exf6 Qxf6 8. Bb5
Bd6 9. O-O O-O 10. Qe2 e5 11. Bxc6 bxc6 12. dxe5 Nxe5 13. Nxe5 Bxe5 14. Nf3 Bd6
15. Nd4 Bd7 16. Be3 Rae8 17. Qd2 Qe5 18. g3 Qh5 19. f4 Re4 20. Nc2 Rfe8 21.
Rfe1 a5 22. Rac1 c5 23. Rcd1 d4 24. cxd4 cxd4 25. Bf2 Re2 26. Qd3 c5 27. Rxe2
Qxe2 28. Qb3+ Be6 29. Qd3 Qxd3 30. Rxd3 Bxa2 31. Ra3 Bc4 32. Rxa5 Re2 33. Na3
Be6 34. Ra6 Be7 35. Kf1 Re4 36. Be1 Kf7 37. Kf2 d3 38. Bc3 Re2+ 39. Kf3 h5 40.
f5 Bxf5 41. Kf4 Be6 42. h4 d2 43. Bxd2 Rxd2 44. Rb6 Bf6 0-1

[Event "estcc50+"]
[Site "Mali Losinj"]
[Date "2019.09.22"]
[Round "5.1"]
[White "Gleizerov, Evgeny"]
[Black "Krebs, Johann"]
[Result "1-0"]
[WhiteElo "2503"]
[BlackElo "2226"]
[PlyCount "59"]
[EventDate "2019.09.18"]
[WhiteTeam "Russia"]
[BlackTeam "Steiermark (AUT)"]
[WhiteTeamCountry "RUS"]

1. d4 Nf6 2. c4 c5 3. d5 e6 4. Nc3 exd5 5. cxd5 d6 6. Nf3 g6 7. g3 Bg7 8. Bg2
O-O 9. O-O Re8 10. Bf4 Na6 11. Re1 Ne4 12. Nxe4 Rxe4 13. Nd2 Rb4 14. Rb1 Bxb2
15. Rxb2 Rxb2 16. Qa1 Rb4 17. Ne4 Rxe4 18. Bxe4 Bf5 19. Bxf5 gxf5 20. e4 Nc7
21. Bh6 f6 22. exf5 Kf7 23. Qd1 Qd7 24. Qg4 Ne8 25. Rxe8 Kxe8 26. Qg8+ Ke7 27.
Qxa8 Qb5 28. Qf8+ Kd7 29. Qf7+ Kc8 30. Qe6+ 1-0

[Event "estcc50+"]
[Site "Mali Losinj"]
[Date "2019.09.22"]
[Round "5.1"]
[White "Yakovich, Yuri"]
[Black "Kainz, Josef"]
[Result "1-0"]
[WhiteElo "2518"]
[BlackElo "1922"]
[PlyCount "23"]
[EventDate "2019.09.18"]
[WhiteTeam "Russia"]
[BlackTeam "Steiermark (AUT)"]
[WhiteTeamCountry "RUS"]

1. Nf3 Nf6 2. c4 g6 3. Nc3 c5 4. d4 Bg7 5. e4 cxd4 6. Nxd4 d6 7. Be2 Nc6 8. Be3
Bd7 9. O-O O-O 10. Qd2 Ng4 11. Bxg4 Nxd4 12. Bxd7 1-0

[Event "estcc50+"]
[Site "Mali Losinj"]
[Date "2019.09.22"]
[Round "5.1"]
[White "Detter, Peter"]
[Black "Ibragimov, Ildar"]
[Result "0-1"]
[WhiteElo "1982"]
[BlackElo "2537"]
[PlyCount "50"]
[EventDate "2019.09.18"]
[WhiteTeam "Steiermark (AUT)"]
[BlackTeam "Russia"]
[BlackTeamCountry "RUS"]

1. d4 Nf6 2. c4 g6 3. Nc3 Bg7 4. e4 O-O 5. Nf3 d6 6. Be2 Na6 7. O-O Qe8 8. h3
e5 9. dxe5 dxe5 10. Be3 c6 11. Qa4 Nh5 12. Rfd1 f5 13. exf5 gxf5 14. Bg5 Qg6
15. h4 h6 16. Be7 Re8 17. Rd8 Rxd8 18. Bxd8 Nf4 19. Ne1 e4 20. Qd1 Be6 21. h5
Qf7 22. Bh4 Bxc4 23. Bxc4 Qxc4 24. Qd6 Nxh5 25. Rd1 Qf7 0-1

[Event "estcc50+"]
[Site "Mali Losinj"]
[Date "2019.09.22"]
[Round "5.2"]
[White "Zelcic, Robert"]
[Black "Mohr, Georg"]
[Result "1-0"]
[WhiteElo "2503"]
[BlackElo "2445"]
[PlyCount "79"]
[EventDate "2019.09.18"]
[WhiteTeam "Croatia 1"]
[BlackTeam "European Chess Academy Maribor (SLO)"]

1. e4 e6 2. d4 d5 3. Nc3 dxe4 4. Nxe4 Bd7 5. Nf3 Bc6 6. Bd3 Nd7 7. c3 Ngf6 8.
Nxf6+ Nxf6 9. Bf4 Bxf3 10. Qxf3 c6 11. O-O Bd6 12. Be5 Bxe5 13. dxe5 Nd7 14.
Qg3 O-O 15. Rad1 g6 16. Bc2 Qc7 17. Rd6 Rfd8 18. Rfd1 Nf8 19. Qe3 Rxd6 20. Rxd6
Qb6 21. Qxb6 axb6 22. a4 g5 23. Kf1 Ra5 24. Rd8 Rxe5 25. Rb8 Rd5 26. Rxb7 Nd7
27. Be4 Rd6 28. Bxc6 Ne5 29. Bb5 Rd2 30. b4 Rc2 31. Rxb6 Ng4 32. Ke1 Nxf2 33.
Be2 Ne4 34. Bd3 Rc1+ 35. Ke2 Nxc3+ 36. Kd2 Na2 37. a5 Rg1 38. Be4 Ra1 39. b5
Nb4 40. Kc3 1-0

[Event "estcc50+"]
[Site "Mali Losinj"]
[Date "2019.09.22"]
[Round "5.3"]
[White "Druckenthaner, Andreas"]
[Black "Priehoda, Vitezslav"]
[Result "1/2-1/2"]
[WhiteElo "2283"]
[BlackElo "2352"]
[PlyCount "108"]
[EventDate "2019.09.18"]
[WhiteTeam "Austria"]
[BlackTeam "Czech Republic"]
[WhiteTeamCountry "AUT"]
[BlackTeamCountry "CZE"]

1. e4 e6 2. Nc3 d5 3. Qe2 d4 4. Nd1 e5 5. Qh5 Qe7 6. Bc4 Nf6 7. Qe2 Nc6 8. Nf3
Be6 9. d3 Bxc4 10. dxc4 h6 11. b3 Qe6 12. O-O g5 13. Nb2 Bb4 14. Nd3 Bc3 15.
Bb2 Bxb2 16. Nxb2 Nd7 17. Nd3 Ne7 18. Qd2 c5 19. g3 f6 20. Kg2 a5 21. h3 Qc6
22. Qe2 Nc8 23. Nd2 Nd6 24. Kh2 O-O-O 25. a3 f5 26. Rfe1 Rde8 27. b4 b6 28. f3
f4 29. gxf4 exf4 30. e5 Re6 31. bxa5 bxa5 32. Ne4 Nxe4 33. Qxe4 Qxe4 34. Rxe4
Kc7 35. Rb1 Rhe8 36. Rb5 Nxe5 37. Rxc5+ Nc6 38. Nf2 Rxe4 39. Nxe4 Rb8 40. Rb5
Rxb5 41. cxb5 Ne5 42. Kg2 a4 43. Nc5 Nc4 44. Nxa4 Nxa3 45. b6+ Kc6 46. b7 Kxb7
47. c3 Nb5 48. cxd4 Nxd4 49. h4 gxh4 50. Kh3 Nxf3 51. Nc5+ Kc6 52. Nd3 Ng5+ 53.
Kxh4 Ne6 54. Kg4 Kd5 1/2-1/2

[Event "estcc50+"]
[Site "Mali Losinj"]
[Date "2019.09.22"]
[Round "5.3"]
[White "Vokac, Marek"]
[Black "Opl, Klaus"]
[Result "1-0"]
[WhiteElo "2332"]
[BlackElo "2207"]
[PlyCount "49"]
[EventDate "2019.09.18"]
[WhiteTeam "Czech Republic"]
[BlackTeam "Austria"]
[WhiteTeamCountry "CZE"]
[BlackTeamCountry "AUT"]

1. Nf3 Nf6 2. c4 e6 3. g3 b6 4. Bg2 Bb7 5. O-O c5 6. Nc3 Be7 7. Re1 O-O 8. e4
d6 9. d4 cxd4 10. Nxd4 Qc8 11. Be3 a6 12. Rc1 Nbd7 13. f4 Re8 14. Bf2 Bf8 15.
e5 Bxg2 16. Kxg2 dxe5 17. fxe5 Qxc4 18. exf6 Nxf6 19. Qf3 Qb4 20. Nc6 Qd6 21.
Red1 Qc7 22. Na4 Nd5 23. Rxd5 exd5 24. Nxb6 Rad8 25. Nxd8 1-0

[Event "estcc50+"]
[Site "Mali Losinj"]
[Date "2019.09.22"]
[Round "5.3"]
[White "Watzka, Horst"]
[Black "Konopka, Michal"]
[Result "0-1"]
[WhiteElo "2187"]
[BlackElo "2351"]
[PlyCount "122"]
[EventDate "2019.09.18"]
[WhiteTeam "Austria"]
[BlackTeam "Czech Republic"]
[WhiteTeamCountry "AUT"]
[BlackTeamCountry "CZE"]

1. e4 Nf6 2. e5 Nd5 3. d4 d6 4. c4 Nb6 5. exd6 cxd6 6. Nc3 g6 7. Be3 Bg7 8. Rc1
O-O 9. b3 Bf5 10. Nf3 d5 11. c5 Nc8 12. b4 a6 13. Qb3 e6 14. Be2 Bg4 15. O-O
Nc6 16. Rfd1 N8e7 17. Ne1 Bxe2 18. Nxe2 b5 19. a4 Qb8 20. Nc2 Qb7 21. Ra1 Na7
22. Nc3 Nec6 23. axb5 Nxb5 24. Nxb5 Qxb5 25. Qa4 Qb7 26. Rdb1 Rfb8 27. Ra2 h5
28. g3 e5 29. dxe5 Bxe5 30. Rd1 Rd8 31. Qb3 d4 32. Bg5 Re8 33. Qc4 Bxg3 34.
Nxd4 Nxd4 35. Qxd4 Be5 36. Qc4 Qf3 37. Rd3 Qf5 38. h4 Bc7 39. Kg2 Re4 40. Qd5
Rg4+ 41. Kf1 Qxd5 42. Rxd5 Rxb4 43. Rd7 Be5 44. Re2 f6 45. f4 fxg5 46. fxe5
Rf8+ 47. Ke1 Rb1+ 48. Kd2 Rb2+ 49. Ke3 Rxe2+ 50. Kxe2 Rc8 51. Rd6 Kf7 52. c6
gxh4 53. Kf3 g5 54. Rh6 a5 55. Rxh5 Rxc6 56. Rxg5 Ke6 57. Rg4 Rc3+ 58. Kf2 h3
59. Ra4 Rc5 60. Rh4 h2 61. Kg2 Rxe5 0-1

[Event "estcc50+"]
[Site "Mali Losinj"]
[Date "2019.09.22"]
[Round "5.5"]
[White "Jackson, Sheila"]
[Black "Ledger, Andrew J"]
[Result "0-1"]
[WhiteElo "2046"]
[BlackElo "2343"]
[PlyCount "86"]
[EventDate "2019.09.18"]
[WhiteTeam "England 2"]
[BlackTeam "England 1"]

1. e4 c5 2. c3 Nf6 3. e5 Nd5 4. d4 cxd4 5. Nf3 e6 6. cxd4 d6 7. Nc3 Nxc3 8.
bxc3 Qc7 9. Bd2 Nd7 10. exd6 Bxd6 11. Bd3 O-O 12. O-O b6 13. Re1 Bb7 14. h3 Bf4
15. Bxf4 Qxf4 16. Re3 Rfd8 17. a4 Rac8 18. a5 g6 19. axb6 axb6 20. Ba6 Bxa6 21.
Rxa6 Qd6 22. Qb3 Rc6 23. g3 Rdc8 24. Ne5 Nxe5 25. dxe5 Qc7 26. h4 h5 27. Qa3
Rc5 28. Ra7 Qc6 29. Ra6 Rd8 30. Qb3 Rb5 31. Qc2 Rbd5 32. Ra1 Rc5 33. Rb1 Rdd5
34. Rbe1 Qc7 35. f4 Rc4 36. Rb1 Qc5 37. Kf2 b5 38. Rb3 Rcd4 39. Rb2 Rd3 40. Qc1
Rd1 41. Qc2 R5d3 42. Qe2 Rxe3 43. Qxe3 Rf1+ 0-1

[Event "estcc50+"]
[Site "Mali Losinj"]
[Date "2019.09.23"]
[Round "6.1"]
[White "Kozul, Zdenko"]
[Black "Sulc, Damir"]
[Result "1-0"]
[WhiteElo "2569"]
[BlackElo "2207"]
[PlyCount "84"]
[EventDate "2019.09.18"]
[WhiteTeam "Croatia 1"]
[BlackTeam "Croatia 2"]

1. Nf3 Nf6 2. g3 d5 3. Bg2 e6 4. O-O Be7 5. d3 O-O 6. Nbd2 c5 7. e4 Nc6 8. Re1
b5 9. e5 Nd7 10. Nf1 Qc7 11. Bf4 Nd4 12. Nxd4 cxd4 13. h4 Bb7 14. Qg4 Rfc8 15.
Re2 a5 16. Nh2 Ra6 17. Nf3 Rc6 18. Nxd4 Rb6 19. h5 Qd8 20. a3 Nc5 21. b3 Qf8
22. h6 g6 23. Bg5 Nd7 24. Bxe7 Qxe7 25. Qf4 Nb8 26. Ree1 Nc6 27. Nxc6 Bxc6 28.
c3 Bd7 29. Rec1 Rbb8 30. b4 Ra8 31. Rab1 axb4 32. cxb4 Rxa3 33. Rxc8+ Bxc8 34.
Rc1 Ra8 35. Bf1 Kf8 36. d4 Bd7 37. Rc7 Rb8 38. Qc1 Ke8 39. Qa3 Qd8 40. Qa7 Ra8
41. Qc5 Rb8 42. Bd3 Qe7 1-0

[Event "estcc50+"]
[Site "Mali Losinj"]
[Date "2019.09.23"]
[Round "6.1"]
[White "Kurajica, Bojan"]
[Black "Martic, Zlatko"]
[Result "1/2-1/2"]
[WhiteElo "2493"]
[BlackElo "2283"]
[PlyCount "68"]
[EventDate "2019.09.18"]
[WhiteTeam "Croatia 1"]
[BlackTeam "Croatia 2"]

1. Nf3 Nf6 2. c4 g6 3. g3 Bg7 4. Bg2 O-O 5. O-O d6 6. d4 Nc6 7. d5 Na5 8. Nbd2
c5 9. e4 b5 10. cxb5 a6 11. Rb1 axb5 12. b4 cxb4 13. Rxb4 Nc4 14. Nxc4 bxc4 15.
Qc2 Nd7 16. Be3 Qa5 17. Rfb1 Qxa2 18. Rxc4 Ne5 19. Qxa2 Rxa2 20. Rc7 Nxf3+ 21.
Bxf3 Re8 22. Kg2 h5 23. h3 f5 24. exf5 Bxf5 25. Rbb7 Kf7 26. g4 hxg4 27. hxg4
Bc8 28. Ra7 Rxa7 29. Rxa7 Be5 30. Be2 Rh8 31. f4 Bf6 32. Rc7 Rf8 33. Kf3 Rh8
34. Bf2 Rh3+ 1/2-1/2

[Event "estcc50+"]
[Site "Mali Losinj"]
[Date "2019.09.23"]
[Round "6.1"]
[White "Tirkajla, Boris"]
[Black "Fercec, Nenad"]
[Result "0-1"]
[WhiteElo "2060"]
[BlackElo "2439"]
[PlyCount "68"]
[EventDate "2019.09.18"]
[WhiteTeam "Croatia 2"]
[BlackTeam "Croatia 1"]

1. f4 d5 2. Nf3 g6 3. g3 Bg7 4. Bg2 Nf6 5. O-O O-O 6. d3 c5 7. Nc3 d4 8. Na4
Qa5 9. c4 Bd7 10. b3 Bc6 11. Bd2 Qc7 12. Nxc5 Bxf3 13. Bxf3 Qxc5 14. Bxb7 Nc6
15. Bxa8 Rxa8 16. a3 Ng4 17. b4 Qh5 18. h4 Ne3 19. Bxe3 dxe3 20. Ra2 Nd4 21.
Kg2 Qg4 22. Rh1 Nf5 23. Rh3 Bf6 24. Kh2 e5 25. Qh1 Rd8 26. Qc6 Kg7 27. Qc7 Rd6
28. c5 exf4 29. Qxd6 Nxd6 30. cxd6 fxg3+ 31. Kg2 Qf4 32. Rxg3 Qf2+ 33. Kh3 Qf1+
34. Rg2 Be5 0-1

[Event "estcc50+"]
[Site "Mali Losinj"]
[Date "2019.09.23"]
[Round "6.3"]
[White "Krebs, Johann"]
[Black "Mikhalchishin, Adrian"]
[Result "0-1"]
[WhiteElo "2226"]
[BlackElo "2465"]
[PlyCount "76"]
[EventDate "2019.09.18"]
[WhiteTeam "Steiermark (AUT)"]
[BlackTeam "European Chess Academy Maribor (SLO)"]

1. d4 Nf6 2. c4 g6 3. Nc3 d5 4. Nf3 Bg7 5. cxd5 Nxd5 6. e4 Nxc3 7. bxc3 c5 8.
Be3 Qa5 9. Qd2 O-O 10. Rc1 e6 11. Bh6 Nc6 12. h4 cxd4 13. Bxg7 Kxg7 14. cxd4
Rd8 15. Qxa5 Nxa5 16. h5 Nc6 17. hxg6 hxg6 18. Rc4 Bd7 19. Bd3 Be8 20. e5 b5
21. Rc5 Nxd4 22. Ng5 Rac8 23. Rxc8 Rxc8 24. Kd2 b4 25. Rh4 b3 26. a3 Nc6 27. f4
Ne7 28. Be4 Nd5 29. Bxd5 exd5 30. g4 Rc2+ 31. Kd1 Rc4 32. Rh7+ Kf8 33. Rh2 Rxf4
34. Kc1 Ke7 35. Kb2 Rxg4 36. Nh7 Re4 37. Nf6 Rxe5 38. Rf2 Ba4 0-1

[Event "estcc50+"]
[Site "Mali Losinj"]
[Date "2019.09.23"]
[Round "6.3"]
[White "Kainz, Josef"]
[Black "Mencinger, Vojko"]
[Result "0-1"]
[WhiteElo "1922"]
[BlackElo "2332"]
[PlyCount "82"]
[EventDate "2019.09.18"]
[WhiteTeam "Steiermark (AUT)"]
[BlackTeam "European Chess Academy Maribor (SLO)"]

1. d4 Nf6 2. c4 g6 3. g3 Bg7 4. Bg2 O-O 5. Nc3 c5 6. d5 d6 7. Nf3 e6 8. O-O
exd5 9. cxd5 a6 10. a4 Nbd7 11. Bf4 Ne8 12. Qd2 Rb8 13. Rfc1 b5 14. axb5 axb5
15. Ra7 Qb6 16. Rca1 Bb7 17. Ne4 Ndf6 18. Nfg5 Nh5 19. Be3 b4 20. Bf3 f5 21.
Nxc5 dxc5 22. Ne6 Rf7 23. Bxc5 Qb5 24. R1a5 Qd7 25. Ng5 Bh6 26. Be3 Bxg5 27.
Bxg5 Nd6 28. Qxb4 Nc8 29. Bxh5 Nxa7 30. Bf3 Nc8 31. Bf4 Ra8 32. Rb5 Ra6 33. Rc5
Nd6 34. e3 Qe7 35. Kg2 Ne4 36. Rb5 Qxb4 37. Rxb4 Bxd5 38. Be5 Rb7 39. Rd4 Ra5
40. g4 Kf7 41. h4 Ke6 0-1

[Event "estcc50+"]
[Site "Mali Losinj"]
[Date "2019.09.24"]
[Round "7.2"]
[White "Ruiz Bellon, Manuel"]
[Black "Yakovich, Yuri"]
[Result "0-1"]
[WhiteElo "1973"]
[BlackElo "2518"]
[PlyCount "118"]
[EventDate "2019.09.18"]
[WhiteTeam "Spain"]
[BlackTeam "Russia"]
[WhiteTeamCountry "ESP"]
[BlackTeamCountry "RUS"]

1. Nf3 d5 2. g3 c5 3. Bg2 Nc6 4. c4 dxc4 5. Na3 e5 6. Nxc4 f6 7. d3 Nge7 8. O-O
Nf5 9. a3 Be6 10. Qa4 Bd7 11. e4 Nfd4 12. Nxd4 Nxd4 13. Qd1 Be7 14. f4 exf4 15.
Qh5+ g6 16. Qh6 Bf8 17. Qh4 f3 18. Bxf3 Be6 19. e5 Nxf3+ 20. Rxf3 f5 21. Bg5
Qd4+ 22. Qxd4 cxd4 23. Bf6 Rg8 24. Rf4 Bxc4 25. dxc4 Bh6 26. Rf3 Rc8 27. b3
Be3+ 28. Kf1 Kf7 29. a4 Ke6 30. h4 Rc6 31. Ke2 Rb6 32. Rb1 h6 33. Kd3 Rc8 34.
Rff1 Rbc6 35. Rb2 Rg8 36. Rh2 Rc7 37. h5 g5 38. g4 fxg4 39. Rg2 a6 40. a5 b5
41. axb6 Rc6 42. Rxg4 Rxb6 43. Rg2 Rxb3+ 44. Ke4 Ra8 45. Ra2 Bf4 46. Kxd4 a5
47. Rfa1 Be3+ 48. Ke4 Bb6 49. Ra3 Rxa3 50. Rxa3 a4 51. Bg7 Bc5 52. Ra2 a3 53.
Bxh6 Rg8 54. Rg2 Be7 55. Rf2 Rh8 56. Bg7 Rxh5 57. Bf6 Rh4+ 58. Kd3 Bc5 59. Rf1
Rh3+ 0-1

[Event "estcc50+"]
[Site "Mali Losinj"]
[Date "2019.09.25"]
[Round "8.3"]
[White "Wagner-Michel, Annett"]
[Black "Mohr, Georg"]
[Result "0-1"]
[WhiteElo "2055"]
[BlackElo "2445"]
[PlyCount "100"]
[EventDate "2019.09.18"]
[WhiteTeam "Germany-Women"]
[BlackTeam "European Chess Academy Maribor (SLO)"]

1. e4 c5 2. Nf3 e6 3. d4 cxd4 4. Nxd4 Nc6 5. Be3 Nf6 6. Nc3 a6 7. Be2 Bb4 8.
Bf3 Qc7 9. Nxc6 bxc6 10. O-O Be7 11. g3 O-O 12. Re1 d6 13. Na4 Rb8 14. c4 c5
15. Qc2 Nd7 16. Bg2 Ne5 17. Rad1 Bd7 18. Bf4 Rb4 19. Bxe5 Bxa4 20. b3 dxe5 21.
bxa4 Qa5 22. Bf1 Rxa4 23. Re2 h5 24. h4 g6 25. Rd7 Bf6 26. Qb3 Rb4 27. Qf3 Bg7
28. Red2 Bh6 29. R2d6 Rb1 30. Kg2 Qe1 31. Rd1 Rxd1 32. Qxd1 Qxe4+ 33. f3 Qc6
34. Rd6 Qb7 35. Qe2 Rb8 36. Kh3 Bf8 37. Rd2 Qc7 38. Qd1 Qa5 39. Be2 Bh6 40. Rd7
Qxa2 41. Qd6 Rf8 42. Qxe5 Bg7 43. Qe4 Bd4 44. f4 Rb8 45. Bf1 Qf2 46. Bd3 Rb2
47. Qh1 Kg7 48. Ra7 Ra2 49. Be4 Ra3 50. Qg2 Qxf4 0-1

[Event "estcc50+"]
[Site "Mali Losinj"]
[Date "2019.09.25"]
[Round "8.6"]
[White "Wood, Peter R"]
[Black "Watzka, Horst"]
[Result "0-1"]
[WhiteElo "1884"]
[BlackElo "2187"]
[PlyCount "98"]
[EventDate "2019.09.18"]
[WhiteTeam "England 2"]
[BlackTeam "Austria"]
[BlackTeamCountry "AUT"]

1. e4 c5 2. Nc3 Nc6 3. g3 d6 4. Bg2 g6 5. d3 Bg7 6. f4 e6 7. Nf3 Nge7 8. O-O
O-O 9. Be3 Nd4 10. Qd2 Rb8 11. Nd1 b5 12. c3 Nxf3+ 13. Bxf3 b4 14. d4 bxc3 15.
bxc3 Ba6 16. Be2 Bxe2 17. Qxe2 cxd4 18. cxd4 Qa5 19. Nf2 Qa4 20. Qd1 Qxd1 21.
Rfxd1 Rfc8 22. Rdc1 d5 23. e5 Nf5 24. Nd1 Bf8 25. Bf2 h5 26. Rab1 Rc2 27. Rxc2
Rxb1 28. Rd2 Bb4 29. Rd3 Ra1 30. a3 Rxa3 31. Rxa3 Bxa3 32. Nc3 Bb2 33. Na4 Bxd4
34. Bxd4 Nxd4 35. Kf2 Kf8 36. Ke3 Nf5+ 37. Kd3 Ke7 38. Nc5 Kd8 39. Na6 Kc8 40.
Nb4 Kb7 41. Na2 Kb6 42. Nc3 Kc5 43. Ne2 Kb4 44. h3 a5 45. g4 hxg4 46. hxg4 Nh6
47. f5 gxf5 48. g5 Ng8 49. Nf4 Ne7 0-1

[Event "estcc50+"]
[Site "Mali Losinj"]
[Date "2019.09.26"]
[Round "9.4"]
[White "Priehoda, Vitezslav"]
[Black "Lewis, Andrew P"]
[Result "1-0"]
[WhiteElo "2352"]
[BlackElo "2294"]
[PlyCount "53"]
[EventDate "2019.09.18"]
[WhiteTeam "Czech Republic"]
[BlackTeam "England 1"]
[WhiteTeamCountry "CZE"]

1. d4 Nf6 2. c4 g6 3. Nc3 Bg7 4. e4 d6 5. Nf3 O-O 6. Be2 e5 7. O-O Nc6 8. d5
Ne7 9. Ne1 Nd7 10. Be3 f5 11. f3 f4 12. Bf2 g5 13. a4 a5 14. Nd3 b6 15. b4 axb4
16. Nxb4 Nf6 17. Nd3 Rf7 18. Be1 Bf8 19. Nb5 Rg7 20. a5 g4 21. axb6 Rxa1 22.
bxc7 Qe8 23. Qxa1 g3 24. hxg3 fxg3 25. f4 Nxe4 26. fxe5 Nxd5 27. Qd4 1-0